|
|
|
|
| LEADER |
02439nam a2200625 i 4500 |
| 001 |
nkc20152704580 |
| 003 |
CZ PrNK |
| 005 |
20150819175113.0 |
| 007 |
ta |
| 008 |
150603s2014 xr f d 000 0 cze |
| 015 |
|
|
|a cnb002704580
|
| 020 |
|
|
|a 978-80-85807-67-7
|q (vázáno)
|
| 035 |
|
|
|a (OCoLC)913565298
|
| 040 |
|
|
|a OLA001
|b cze
|d ABA001
|e rda
|
| 041 |
1 |
|
|a cze
|a ger
|h cze
|
| 045 |
|
|
|a r-v-
|
| 072 |
|
7 |
|a 81
|x Lingvistika. Jazyky
|2 Konspekt
|9 11
|
| 080 |
|
|
|a 811.112.2'0
|2 MRF
|
| 080 |
|
|
|a 811.112.2
|2 MRF
|
| 080 |
|
|
|a 811.162.3
|2 MRF
|
| 080 |
|
|
|a 81'374.8-022.2
|2 MRF
|
| 080 |
|
|
|a (038)81
|2 MRF
|
| 080 |
|
|
|a (031)-028.42
|2 MRF
|
| 100 |
1 |
|
|a Spáčilová, Libuše,
|d 1956-
|7 ola2002108100
|4 aut
|
| 245 |
1 |
0 |
|a Glosář starší němčiny k českým pramenům =
|b Glossar des älteren Deutsch zu böhmischen Quellen /
|c Libuše Spáčilová, Vladimír Spáčil, Václav Bok ; spolupracovala Jitka Soubustová
|
| 246 |
3 |
1 |
|a Glossar des älteren Deutsch zu böhmischen Quellen
|
| 250 |
|
|
|a 1. vydání
|
| 264 |
|
1 |
|a Olomouc :
|b Memoria,
|c 2014
|
| 300 |
|
|
|a xxxvii, 1015 stran ;
|c 25 cm
|
| 336 |
|
|
|a text
|b txt
|2 rdacontent
|
| 337 |
|
|
|a bez média
|b n
|2 rdamedia
|
| 338 |
|
|
|a svazek
|b nc
|2 rdacarrier
|
| 504 |
|
|
|a Obsahuje bibliografii
|
| 546 |
|
|
|a Souběžný německý úvodní text
|
| 648 |
|
7 |
|a 14.-18. století
|7 ch757049
|2 czenas
|
| 650 |
0 |
7 |
|a nová horní němčina
|7 ph123357
|y 14.-18. století
|2 czenas
|
| 650 |
0 |
7 |
|a němčina
|7 ph115512
|2 czenas
|
| 650 |
0 |
7 |
|a čeština
|7 ph135292
|2 czenas
|
| 650 |
0 |
9 |
|a early modern High German language
|y 14th-18th centuries
|2 eczenas
|
| 650 |
0 |
9 |
|a German language
|2 eczenas
|
| 650 |
0 |
9 |
|a Czech language
|2 eczenas
|
| 655 |
|
7 |
|a překladové slovníky
|7 fd202537
|2 czenas
|
| 655 |
|
7 |
|a vědecké slovníky
|7 fd564696
|2 czenas
|
| 655 |
|
9 |
|a translation dictionaries
|2 eczenas
|
| 655 |
|
9 |
|a scientific vocabularies
|2 eczenas
|
| 700 |
1 |
|
|a Spáčil, Vladimír,
|d 1935-
|7 jk01120642
|4 aut
|
| 700 |
1 |
|
|a Bok, Václav,
|d 1939-
|7 jk01012575
|4 aut
|
| 700 |
1 |
|
|a Soubustová, Jitka,
|d 1974-
|7 mzk2008486334
|4 ctb
|
| 910 |
2 |
|
|a BOA001
|b 2-1347.855
|
| 928 |
9 |
|
|a Nakladatelství a vydavatelství Memoria
|
| 990 |
|
|
|a BK
|
| 995 |
|
|
|a 01
|
| 991 |
|
|
|b 201507
|c NOV
|e n
|
| 996 |
6 |
|
|b 2610635732
|c 2-1347.855
|l MZK
|r Sklad / do 1 hodiny
|n 3
|p p.v.
|w 001509424
|u 000010
|a 1
|e BOA001
|j MZK50
|s P
|
| 996 |
6 |
|
|b 2610637278
|c 2-1347.855
|l MZK
|r HSS 4p
|n 0
|p kup
|h 811.112.2 SPÁ
|w 001509424
|u 000020
|a 0
|e BOA001
|j MZK50
|s P
|